Normal view
MARC view
- Mufasha, Didas Bakunzi
Entry Personal Name
001 - CONTROL NUMBER
- control field: 67683
003 - CONTROL NUMBER IDENTIFIER
- control field: OSt
005 - DATE AND TIME OF LATEST TRANSACTION
- control field: 20260407091110.0
008 - FIXED-LENGTH DATA ELEMENTS
- fixed length control field: 260407|| aca||aabn | a|a d
040 ## - CATALOGING SOURCE
- Original cataloging agency: OSt
- Transcribing agency: OSt
100 ## - HEADING--PERSONAL NAME
- Personal name: Mufasha, Didas Bakunzi
670 ## - SOURCE DATA FOUND
- Source citation: Work cat.: (OSt)40180: The high court bulletin [2009] H.C.B Vol. 2 :, January/December 2009.